Jak and Daxter: The Precursor Legacy Areas - Statistics

General Stats
  • This quiz has been taken 37 times
  • The average score is 11 of 16
Answer Stats
Answer % Correct
Misty Island
82%
Sandover Village
79%
Forbidden Jungle
75%
Spider Cave
75%
Lava Tube
71%
Mountain Pass
71%
Sentinel Beach
71%
Snowy Mountain
71%
Boggy Swamp
68%
Geyser Rock
68%
Fire Canyon
64%
Rock Village
64%
Precursor Basin
61%
Lost Precursor City
57%
Volcanic Crater
57%
Gol and Maia's Citadel
46%
No matching quizzes found
Score Distribution
Percent of People with Each Score
Percentile by Number Answered
Your Score History
You have not taken this quiz